000 00459nam a2200169 i 4500
001 92489
003 ES-MaACL
005 20230906181001.0
007 t|
008 050308s1933 ag ||||1| spa d
100 1 _aLillo Catalán, V.
_972295
245 1 3 _aLa Exposición del libro español /
_cV. Lillo Catalán.
260 _aBuenos Aires :
_bRadeba,
_c1933.
300 _a14 p. ;
_c22 cm.
852 _aES-MaACL
_j1809-F-10
852 _aES-MaACL
_j1780-F-8
999 _c92489
_d92489